000 00322pam a2200133a 44500
008 230405s2019 xxu||||| |||| 00| 0 eng d
041 _aENG
100 _aDR. V.M SHINDE /MRS. K S BODAS
245 _aHERBAL DRUG TECHNOLOGY
250 _a1
260 _aPUNE
_bNIRALI PRAKASHAN
_c2019
300 _a10.41
906 _a2532
999 _c267971
_d267971